Quizzes
Events
Quiz Creation
Community
Videos
Private Events
Remove Ads
Sign In
Join for FREE
Feedback
Dark Mode
Quiz Categories
Sports
Geography
Music
Movies
Television
Just For Fun
Miscellaneous
History
Literature
Language
Science
Gaming
Entertainment
Religion
Holiday
For Kids
Quiz Lab
Recent
Popular Today
Quiz Kudos Today
Editor Picks
Curator Picks
Quizzes by...
Day
Popularity
Type
Ratings
Length
Year
Community
Subscriptions
Recent Discussions
Orange Saloon
Badges
Playlists
Quests
Create
Leaderboards
Showdown
Live 5
Trivia Bingo
Activity
Puzzle Library
Sporcle Events
Private Events
Virtual Trivia
Globe League
Become a Host
Pub Owners
SporcleCon
Opinionation
Our Games
Videos
Blog
Mobile Apps
Partnerships
Remove Ads and Go Orange
Feedback
Entertainment
Celebrity
Famous
Musical
Broadway
Show
Quote
Comic Books
Anime
Superhero
DC Comics
Marvel
Cartoons
Animation
Entertainment
Celebrity
Famous
Musical
Broadway
Show
Quote
Comic Books
Anime
Superhero
DC Comics
Marvel
Cartoons
Animation
Random Quiz
Search Sporcle
×
Quiz Lab
Quiz Lab
Entertainment
1989
Type in answers that appear in a list
Type in answers that appear in a list
Classic
Best Score? Go Orange.
1989 ROYAL RUMBLE ORDER OF ENTRY Stats
Can you name the 1989 ROYAL RUMBLE ORDER OF ENTRY?
By
budlightman72
15m
30 Questions
32 Plays
32 Plays
32 Plays
Comments
Comments
Give Quiz Kudos
Give Quiz Kudos
-
- Ratings
hide this ad
Replay
Link that replays current quiz
Next Quiz
Link to next quiz in quiz playlist
You Got
0%
They Got
Avg Score
89%
Avg Friend Score
Upgrade to see
Score Distribution
Jump to the score distribution portion of the page
Score
0/30
Timer
15:00
0
Plays Today
NUMBER
% Correct
1
AX
100%
2
SMASH
100%
30
TED DIBIASE
100%
4
MR. PERFECT
96.9%
15
RANDY SAVAGE
96.9%
18
HULK HOGAN
96.9%
22
BIG BOSSMAN
96.9%
9
SHAWN MICHAELS
93.8%
14
MARTY JANNETTY
93.8%
16
ARN ANDERSON
93.8%
21
THE WARLORD
93.8%
27
BIG JOHN STUDD
93.8%
3
ANDRE THE GIANT
90.6%
6
GREG VALENTINE
90.6%
7
JAKE ROBERTS
90.6%
NUMBER
% Correct
17
TULLY BLANCHARD
90.6%
23
AKEEM
90.6%
28
HERCULES
90.6%
26
THE BARBARIAN
90.6%
11
HONKY TONK MAN
87.5%
24
BRUTUS BEEFCAKE
87.5%
29
RICK MARTEL
87.5%
12
TITO SANTANA
84.4%
13
BAD NEWS BROWN
84.4%
5
RON GARVIN
81.3%
10
BUSHWHACKER BUTCH
81.3%
19
BUSHWHACKER LUKE
81.3%
20
KOKO B. WARE
78.1%
8
RON BASS
75%
25
RED ROOSTER
75%
Quiz Playlist
Details
Report
Send in Message
Add To Playlist
Classic:
Type in answers that appear in a list
Last Updated: Feb 16, 2017
Quiz Scoreboard
CHALLENGE
Sign Up to Join the Scoreboard
Show All
Scores
Hide
Comments
May contain spoilers
Recently Published
9x9 Crossword: Cartoon Network
by jackfrog10
Miscellaneous
3m
College Basketball Coaching Resumes
by pancakes188
Sports
9m
Billboard Blitz: Fleetwood Mac
by CooCooCachoo
Music
15s
More to Explore
Quiz From the Vault
Featured Blog Post
Where Did the Easter Bunny Come From?
hide this ad
You Might Also Like...
Tags
1989
Entry
Order
Royal
rumble
Today's Top Quizzes in Entertainment
Browse Entertainment
hide this ad
Today's Top Quizzes in 1989
Browse 1989
Top Contributed Quizzes in Entertainment
1
7-to-1: DC Comics Villains
2
Marvel Characters Bunker
3
Eurovision 2023 Logic Puzzle
4
Dragon Ball Z: Goku's Fights in Order
5
Sorting Pictures: Villains
6
Criteria Quickie: Cartoon Taxonomy II
7
7-to-1: One Piece
8
Mini Trivia Sudoku: Musicals
9
Fictional Villains Letter U Blitz
10
Kamen Rider Motifs
Explore More
Trending Topics
Disney
Anime
Harry Potter
Marvel
Kpop
NBA
Crossword
Puzzle
Soccer
The Office
Country
Pokémon
NFL
WWE
Song
hide this ad
More By:
budlightman72
Quiz
Plays
Rating
Category
Featured
Created
NAME THE AWA,ECW,NWA,TNA,WCW,WWE & WORLD CHAMPIONS
5,069
3.21
Entertainment
May 31, 2011
WRESTLERS WHO HELD BOTH THE NWA/WCW & WWE/WORLD TITLES
938
2.38
Entertainment
Dec 20, 2011
WCCW/USWA ALL-TIME ROSTER
899
5.00
Sports
Nov 1, 2011
PRO WRESTLING WORLD CHAMPIONS
582
4.33
Sports
Dec 18, 2011
WRESTLERS WHO HELD BOTH THE NWA/WCW & WWE TAG TITLES
444
3.00
Entertainment
Dec 20, 2011
Go to Creator's Profile
Score Distribution
Quiz Creator Spotlight
budlightman72
Follow
Send a Message
Quizzes Created
-
Created Quiz Play Count
-
More By This Creator
Popular Quizzes Today
1
Find the US States - No Outlines Minefield
2
Find the Countries of Europe - No Outlines Minefield
3
The Countries of the World
4
Find the US States
5
Risky Map Clicking: Biggest States A-Z
6
US States
7
Popular People in 1961
8
Movies - When Are They Set?
More Entertainment Quizzes
Roller coasters by Rocky Mountain Construction (RMC)
Quiz Lab
Trending Quizzes
Risky Map Clicking: Least Populous States A-Z
1-10 Letter G Words
Risky Map Clicking: Next State Alphabetically
Adjectives in 80s TV Shows
Risky Map Clicking: Biggest States A-Z
Recently Updated
Leaping Animals
pecheneg
Reality TV Shows (A-Z)
bhenderson79
Rickey Henderson's Hall of Fame Teammates
pecheneg
Champions League XIs: Arsenal
pecheneg
Quick Pick: Celebrities in WWE's Hall of Fame
aduchscher
A-Z Keypad Blitz II
pecheneg
Multiple Oscar Actors
pecheneg
Mystery Phrase Blitz: Oscar 'Best Actors'
pecheneg
F. Scott Fitzgerald Novels
LTH
Pick 3 Villains
ddd62291
Trending Topics
NBA
Harry Potter
Kpop
Disney
Anime
Crossword
Marvel
NFL
Pokémon
The Office
Country
Soccer
Song
Puzzle
WWE
Your Account Isn't Verified!
In order to create a playlist on Sporcle, you need to verify the email address you used during registration. Go to your
Sporcle Settings
to finish the process.
Report this User
Report this user for behavior that violates our
Community Guidelines
.
Details:
Send Report
Go to the Sporcle.com Mobile Site →
Comments